| 000 | 01144nam a2200313 a 4500 | ||
|---|---|---|---|
| 001 | 000113795 | ||
| 003 | CHAP | ||
| 005 | 20220329144413.0 | ||
| 008 | 170926s2017 mx sm |||||||spa d | ||
| 010 | _a110256 | ||
| 011 | _a111228 | ||
| 040 | _cCHAP | ||
| 090 | _aTesis | ||
| 100 | 1 |
_aCruz Garrido, Ariana _9133455 |
|
| 245 | 1 | 0 |
_aComposición fenólica de accesiones de maís (Zea mays L.) con grano rojo cereza y rojo ladrillo de razas mexicanas _h[En línea] _cpor Ariana Cruz Garrido. |
| 260 |
_aChapingo, Méx. : _bEl autor, _c2017. |
||
| 500 | _aPara ver el contenido del material haga clic en la liga | ||
| 502 | _aTesis (Ing. Agroindustrial ) -- UACH. Departamento de Ingeniería Agroindustrial | ||
| 590 |
_aE6339RRR _b05 _c20170926 _lUCH01 _h0844 |
||
| 590 |
_aE6339RRR _b05 _c20170926 _lUCH01 _h0845 |
||
| 590 |
_aE6339RRR _b05 _c20170926 _lUCH01 _h0848 |
||
| 650 | 1 | 4 |
_aFenoles _xAnálisis. _9133456 |
| 650 | 1 | 4 |
_aMaíz _xFisiología y morfología. _970958 |
| 650 | 1 | 4 |
_aMaíz _xVariedades. _971081 |
| 856 |
_aFinding aid _uhttp://10.13.5.2/tesis/sist113795.pdf _zTeclea aquí |
||
| 901 | _aBK | ||
| 942 | _cTESIS | ||
| 942 | _n0 | ||
| 999 |
_c110256 _d110256 |
||